Demogracia participativa versus autoritarismo: confluencias recientes en el progresismo latinoamericano /
El texto se centra en como durante la pasada década, con el triunfo y fortalecimiento de gobiernos progresistas en Bolivia, Ecuador, Venezuela, se produce una confluencia entre mecanismos de democracia participativa y actitudes autoritarias que relacionan actores del Estado y la sociedad, en context...
Gardado en:
| Autor Principal: | |
|---|---|
| Outros autores: | |
| Formato: | Libro |
| Idioma: | Spanish |
| Materias: | |
| Etiquetas: |
Engadir etiqueta
Sen Etiquetas, Sexa o primeiro en etiquetar este rexistro!
|
MARC
| LEADER | 00000nam a22000007a 4500 | ||
|---|---|---|---|
| 003 | cru CIDCACS/IIS | ||
| 005 | 20170515100933.0 | ||
| 007 | ta | ||
| 008 | 161110t2011 ve ||||| |||| 00| 0 spa d | ||
| 040 | |c cru CIDCACS/IIS | ||
| 100 | 1 | |9 435 |a Chaguaceda, Armando | |
| 245 | 1 | |a Demogracia participativa versus autoritarismo: |b confluencias recientes en el progresismo latinoamericano / |c Armando Chaguaceda, Johanna Cilano | |
| 300 | |a páginas 55-81 | ||
| 520 | |a El texto se centra en como durante la pasada década, con el triunfo y fortalecimiento de gobiernos progresistas en Bolivia, Ecuador, Venezuela, se produce una confluencia entre mecanismos de democracia participativa y actitudes autoritarias que relacionan actores del Estado y la sociedad, en contextos nacionales marcados por la polarización y conflictividad sociopolíticas. En este se presentan y debaten fundamentos teóricos de la democracia y el autoritarismo, y se describen con una mirada histórica y politológica procesos específicos de desarrollo político e institucional donde la participación y el autoritarismo se solapan y/o confrontan en escenarios locales de Bolivia, Ecuador y Venezuela. Se destaca la amenaza que el autoritarismo supone para la expansión de la participación ciudadana y en general para la supervivencia y consolidación democráticas. KDV/150517 | ||
| 650 | 1 | 0 | |9 83 |a DEMOCRACIA |
| 650 | 1 | 0 | |9 26 |a SOCIEDAD |
| 650 | 1 | 0 | |9 136 |a HISTORIA |
| 650 | 1 | 0 | |9 4430 |a AUTORITARISMO |
| 650 | 1 | 0 | |9 3633 |a CONFLICTOS POLITICOS |
| 650 | 1 | 0 | |9 243 |a ESTADO |
| 650 | 4 | |9 3207 |a PARTICIPACION POLITICA | |
| 650 | 0 | |9 4726 |a PROGRESISMO | |
| 651 | 1 | 0 | |9 1095 |a VENEZUELA |
| 651 | 1 | 0 | |9 74 |a ECUADOR |
| 651 | 1 | 0 | |9 3492 |a BOLIVIA |
| 700 | 1 | |9 436 |a Cilano, Johanna | |
| 773 | 0 | |0 18708 |9 126 |a Universidad del Zulia. |d Maracaibo, Venezuela: Universidad del Zulia |o R13914 |t Cuestiones Políticas / |x 07981406 | |
| 942 | |2 ddc |c PP | ||
| 999 | |c 18717 |d 18717 | ||
